| 000 | 00901nam a22002297a 4500 | ||
|---|---|---|---|
| 003 | DO-SdBNP | ||
| 005 | 20221129134401.0 | ||
| 007 | ta | ||
| 008 | 201820b2016 ||||| |||| 00| 0 eng d | ||
| 040 |
_aDO-SdBNP _bspa _cBNPHU |
||
| 082 | 4 |
_a737.497293 _bB213e _222 |
|
| 110 | 2 |
_aBanco Central de la República Dominicana _bDepartamento Cultural. Museo Numismático y Filatélico _97006 |
|
| 245 | 1 | _aHistoria popular de la moneda dominicana / | |
| 260 |
_aSanto Domingo : _bBanco Central de la República Dominicana, _c2016. |
||
| 300 |
_a39 p. : _bil., _c22 cm. |
||
| 490 |
_a Banco Central de la República Dominicana ; Serie folletos educativos 36 _v231 |
||
| 590 | _aInventariado, 2022 / DG | ||
| 650 | 4 |
_aBilletes de banco _zRepública Dominicana _vExposiciones _976966 _y2016-2018 |
|
| 650 | 4 |
_aNumismática _zRepública Dominicana _vExposiciones _x2016-2018 _978514 |
|
| 910 | _aDG | ||
| 942 |
_2ddc _cLF2 |
||
| 999 |
_c53024 _d53024 |
||